Rudolf Kremlička
| Titel: | Rudolf Kremlička / Karel Srp |
|---|---|
| Verfasser: | |
| Beteiligt: | |
| Ausgabe: | Vyd. 1. |
| Veröffentlicht: | Praha : Academia, 2006 |
| Umfang: | 421 Seiten : Illustrationen |
| Format: | Buch |
| Sprache: | Tschechisch |
| ISBN: | 8020014241 |
| Hinweise zum Inhalt: |
Hinweise zum Inhalt
Inhaltsverzeichnis |
alg: 22476675 001A $03004:05-07-10 001B $01999:03-06-23 $t04:59:35.000 001D $01999:05-07-10 001U $0utf8 001X $00 002@ $0Aay 002C $aText $btxt $2rdacontent 002C $aunbewegtes Bild $bsti $2rdacontent 002D $aohne Hilfsmittel zu benutzen $bn $2rdamedia 002E $aBand $bnc $2rdacarrier 003@ $0224766759 003O $077058219 $aOCoLC 004A $080-200-1424-1 006A $02007541810 007A $0224766759 $aHEB 007G $0DE020C3CB3BADDD19824BC12578AB0031E77F 007T $0Herdhh224766759 009P $qpdf/application $uhttp://www.gbv.de/dms/bsz/toc/bsz260961396inh.pdf $mDE-576 009P $qapplication/pdf $A2 $3Inhaltsverzeichnis $uhttp://scans.hebis.de/HEBCGI/show.pl?22476675_toc.pdf $mV:DE-603;B:DE-Mb50 010@ $acze 011@ $a2006 021A $aRudolf Kremlička $hKarel Srp 028A $BVerfasser $4aut $7111691281 $8Srp, Karel$Z1958- [Tp1] $9146208994 028C $BIllustrator $4ill $7132724782 $8Kremlička, Rudolf$Z1886-1932 [Tp1] $9185117368 032@ $aVyd. 1. 033A $pPraha $nAcademia 034D $a421 Seiten 034M $aIllustrationen 039U $aRezensiert in $8--Aox--Rakušanová, Marie. Srp, Karel, 1958-. Rudolf Kremlička. - Praha : Academia. - 2006 [Rezension], 2008 $9395225787 039U $aRezensiert in $8--Aox--Winter, Tomáš. Srp, Karel, 1958-. Rudolf Kremlička. - Praha : Academia. - 2006 [Rezension], 2007 $9395230292 044K $qDNB $7132724782 $8Kremlička, Rudolf$Z1886-1932 [Tp1] $9185117368 045F $a709.437 $eDDC23BSB 045F/01 $a709 045F/03 $g437 045F/03 $g4371 045G $a306.094370904 $eDDC23BSB 045G/01 $a306.09 045G/03 $f0904 045G/03 $f09034 045G/03 $g437 045G/03 $g4371 046L $aZusammenfassung in deutscher und englischer Sprache lok: 22476675 24 101B $005-07-10 $t08:57:04.000 101C $028-06-10 101U $0utf8 145Z/01 $a2 K 492 145Z/02 $a22 9 F 145Z/03 $a23 9 F 145Z/04 $a23 9 J 145Z/05 $a22 15 R 145Z/06 $a23 15 Q exp: 22476675 24 1 #EPN 201B/01 $005-07-10 $t08:57:04.000 201C/01 $009-04-10 201U/01 $0utf8 203@/01 $0590652915 208@/01 $a28-06-10 $bz 209A/01 $a10.2936 $du $f050 $h10 2936 $x00 209C/01 $a10.2936 K $h10 2936 K 209G/01 $a72577981 $x00 220C/01 $akon 247C/01 $8358050-7Marburg, Bibliothek des Herder-Instituts Marburg $9102600961 lok: 22476675 78 exp: 22476675 78 1 #EPN 201B/01 $026-11-17 $t00:27:09.000 201U/01 $0utf8 203@/01 $0793600553 208@/01 $a12-11-16 $be 209A/01 $a/ $f000 $x00 220C/01 $aAnmerkung: *ng 237A/01 $aZsfassung in dt. und engl. Sprache. - weiterführende Signatur(en): Herder-Institut: 10.2936 244Z/01 $#Tschechien $#Tschechische Republik $#Tschechische Republik $#Tschechenland $#Tschechei Tschechien $#Česká Republika $#Czech Republic $#ČR $74303381-7 $8--Tg1--Tschechien $x01 $9086659812 244Z/01 $2Trx $#Böhmen $#Bohemia $#Czechy $8--Trx--Čechy $x02 $9391188941 244Z/01 $2Trx $8--Trx--Monographie $x03 $9391384546 244Z/01 $2Trx $8--Trx--Kremlička, Rudolf$Z1886-1932 $x04 $9391031023 244Z/01 $2Trx $#maalrid $#dailininkai $#painters artists $#festö $#malarze artyści $#maliari $#malíři $8--Trx--Maler$gKünstler $x05 $9391383302 244Z/01 $2Trx $#kunst, kujutav $#vaizduojamasis menas $#sculpture $#képzömüvészet $#sztuki plastyczne $#umenie výtvarné $#umění výtvarné $8--Trx--Kunst, bildende $x06 $9391357158 245Z/01 $a11.10 $x01 245Z/01 $a12.03 $x02 247C/01 $82080>Marburg/Lahn, Herder-Institut, Forschungsbibliothek, Bibliographieportal $9336309341
| LEADER | 00000cam a22000002c 4500 | ||
|---|---|---|---|
| 001 | 224766759 | ||
| 003 | DE-603 | ||
| 005 | 20230603045935.0 | ||
| 007 | tu | ||
| 008 | 100705s2006 xx |||| | u00||u|cze c | ||
| 010 | |a 2007541810 | ||
| 020 | |a 8020014241 | ||
| 035 | |a (DE-599)HEB224766759 | ||
| 035 | |a (OCoLC)77058219 | ||
| 040 | |a DE-603 |b ger |c DE-603 |d DE-603 | ||
| 041 | |a cze | ||
| 082 | 0 | 4 | |8 1\u |a 709.437 |q DE-101 |2 23/BSB |
| 083 | 0 | |8 2\u |a 306.094370904 |q DE-101 |2 23/BSB | |
| 085 | |8 1\u |b 709 | ||
| 085 | |8 1\u |z 2 |s 437 | ||
| 085 | |8 1\u |z 2 |s 4371 | ||
| 085 | |8 2\u |b 306.09 | ||
| 085 | |8 2\u |z 1 |s 0904 | ||
| 085 | |8 2\u |z 1 |s 09034 | ||
| 085 | |8 2\u |z 2 |s 437 | ||
| 085 | |8 2\u |z 2 |s 4371 | ||
| 100 | 1 | |a Srp, Karel |d 1958- |e Verfasser |4 aut |0 (DE-603)146208994 |0 (DE-588)111691281 |2 gnd | |
| 245 | 0 | 0 | |a Rudolf Kremlička |c Karel Srp |
| 250 | |a Vyd. 1. | ||
| 264 | 1 | |a Praha |b Academia |c 2006 | |
| 300 | |a 421 Seiten |b Illustrationen | ||
| 336 | |a Text |b txt |2 rdacontent | ||
| 336 | |a unbewegtes Bild |b sti |2 rdacontent | ||
| 337 | |a ohne Hilfsmittel zu benutzen |b n |2 rdamedia | ||
| 338 | |a Band |b nc |2 rdacarrier | ||
| 546 | |a Zusammenfassung in deutscher und englischer Sprache | ||
| 600 | 1 | 7 | |a Kremlička, Rudolf |d 1886-1932 |0 (DE-588)132724782 |0 (DE-603)185117368 |2 gnd |
| 700 | 1 | |a Kremlička, Rudolf |d 1886-1932 |e Illustrator |4 ill |0 (DE-603)185117368 |0 (DE-588)132724782 |2 gnd | |
| 787 | 0 | 8 | |i Rezensiert in |a Rakušanová, Marie |t Srp, Karel, 1958-. Rudolf Kremlička. - Praha : Academia. - 2006 [Rezension] |w (DE-603)395225787 |
| 787 | 0 | 8 | |i Rezensiert in |a Winter, Tomáš |t Srp, Karel, 1958-. Rudolf Kremlička. - Praha : Academia. - 2006 [Rezension] |w (DE-603)395230292 |
| 856 | 4 | 2 | |m DE-576 |q pdf/application |u http://www.gbv.de/dms/bsz/toc/bsz260961396inh.pdf |
| 856 | 4 | 2 | |m V:DE-603;B:DE-Mb50 |q application/pdf |u http://scans.hebis.de/HEBCGI/show.pl?22476675_toc.pdf |3 Inhaltsverzeichnis |
| 924 | 0 | |9 Mb 50 |a (DE-603)590652915 |b DE-Mb50 |c HES |d c |g 10.2936 | |
| 924 | 0 | |9 2080 |a (DE-603)793600553 |b DE-2080 |c HES |d d |g / | |


